Democracia y dictadura en América Latina
Uloženo v:
| Médium: | Text |
|---|---|
| Témata: | |
| Tagy: |
Přidat tag
Žádné tagy, Buďte první, kdo vytvoří štítek k tomuto záznamu!
|
MARC
| LEADER | 00000 a a2200000 04500 | ||
|---|---|---|---|
| 001 | 17981 | ||
| 003 | |||
| 040 | |||
| 245 | |a Democracia y dictadura en América Latina | ||
| 650 | |a DEMOCRACIA | ||
| 650 | |a DICTADURA | ||
| 650 | |a BURGUESIA | ||
| 650 | |a IDEOLOGIAS | ||
| 650 | |a CAPITALISMO | ||
| 650 | |a AMERICA LATINA | ||
| 773 | |g volumen 4, número 39; (1980) páginas 451-453 | ||
| 999 | |c 21377 |d 21377 | ||
| 773 | 0 | |0 42391 |9 3849 |a Agencia Latinoamericana de Información, ALAI |d Quito, Ecuador: ALAI |o 04400 |t ALAI: |x 08275564 (Servicio mensual de información y documentación) | |
